000 00464 a2200193 4500
001 001479
003 OSt
005 20211101110344.0
008
020 _a8174467637
040 _cCURAJ
082 _a685.1511
_bB46M
100 1 _aBhat, Sudhindra
245 1 _aManagement accounting
_cby Sudhindra Bhat
260 _aNew Delhi
_bExcel Books
_c2009
300 _a817p.
690 _aManagerial accounting
942 _2ddc
_cBK
999 _c33
_d33